|
|
|
|
| LEADER |
02335nam a22004334a 4500 |
| 001 |
45742 |
| 003 |
BD-DhAAL |
| 005 |
20260518144353.0 |
| 008 |
260506t2006 nyua b 001 0 eng c |
| 010 |
|
|
|a 2005025036
|
| 020 |
|
|
|a 0801444330
|
| 020 |
|
|
|a 9780801444333
|
| 035 |
|
|
|a 14090961
|
| 035 |
|
|
|a (OCoLC)61453969
|
| 040 |
|
|
|a NIC/DLC
|c DLC
|d YDX
|d BAKER
|d DLC
|d BD-DhAAL
|
| 042 |
|
|
|a pcc
|
| 043 |
|
|
|a a-ja---
|
| 050 |
0 |
0 |
|a HD7227
|b .S37 2006
|
| 082 |
0 |
0 |
|a 362.95209051
|2 22
|
| 100 |
1 |
|
|a Schoppa, Leonard J.
|q (Leonard James),
|d 1962-
|9 60522
|
| 245 |
1 |
0 |
|a Race for the exits :
|b the unraveling of Japan's system of social protection /
|c Leonard J. Schoppa.
|
| 260 |
|
|
|a Ithaca, N.Y. :
|b Cornell University Press,
|c 2006.
|
| 300 |
|
|
|a xvi, 247 pages :
|b illustrations ;
|c 24 cm
|
| 504 |
|
|
|a Includes bibliographical references (p. [213]-242) and index.
|
| 505 |
0 |
|
|a Exit, voice, and Japan's economic problems -- Taking exit and voice seriously -- Productive and protective elements of convoy capitalism -- The race for the exits begins -- The policy impact of hollowing out -- Case studies in economic reform -- The policy impact of exit by women -- Exceptions that prove the rule -- Toward a new system of social protection in Japan.
|
| 526 |
8 |
|
|a AAL
|
| 541 |
1 |
|
|a Donated by Embassy of Japan in Bangladesh, Read Japan Project 2025, The Tokyo Foundation, supported by The Nippon Foundation.
|e 45742
|
| 650 |
|
0 |
|a Social security
|z Japan.
|9 60523
|
| 650 |
|
0 |
|a Economic security
|z Japan.
|9 60524
|
| 650 |
|
0 |
|a Human services
|z Japan.
|9 60525
|
| 650 |
|
0 |
|a Social science.
|
| 651 |
|
0 |
|a Japan
|x Social conditions
|y 1945-
|9 60526
|
| 651 |
|
0 |
|a Japan
|x Economic conditions
|y 1989-
|9 60527
|
| 651 |
|
0 |
|a Japan
|x Social policy.
|9 60528
|
| 651 |
|
0 |
|a Japan
|x Economic policy
|y 1989-
|9 53401
|
| 852 |
1 |
|
|a Ayesha Abed Library
|c General Stacks
|
| 942 |
|
|
|2 ddc
|c BK
|
| 999 |
|
|
|c 47896
|d 47896
|
| 952 |
|
|
|0 0
|1 0
|2 ddc
|4 0
|6 362_952090510000000_SCH
|7 0
|9 79154
|a BRACUL
|b BRACUL
|d 2026-05-06
|e Donated by Embassy of Japan in Bangladesh, Read Japan Project 2025, The Tokyo Foundation, supported by The Nippon Foundation.
|l 0
|o 362.95209051 SCH
|p 3010045742
|r 2026-05-06
|t 1
|w 2026-05-06
|y BK
|x Donated copy received from Embassy of Japan in Bangladesh, Read Japan Project 2025, The Tokyo Foundation, supported by The Nippon Foundation on 08 April, 2026; $56.70
|